| 000 | 00641nam a2200229Ia 4500 | ||
|---|---|---|---|
| 003 | OSt | ||
| 005 | 20221007071601.0 | ||
| 006 | a|||||r|||| 00| 0 | ||
| 007 | ta | ||
| 008 | 221006b |||||||| |||| 00| 0 eng d | ||
| 024 | _a10,165 | ||
| 037 | _cReference Collections | ||
| 040 |
_aFLL _cFLL _beng |
||
| 041 |
_2eng _aeng |
||
| 082 | _aYb4, L8 | ||
| 100 |
_aKenneth D.Bailey Au. _9689035 |
||
| 245 | 0 | _aMethods of social research | |
| 260 |
_aLondon _bCollier macmillan publishers London _c1968 |
||
| 300 |
_a447p _ccm. |
||
| 942 |
_hYb4, L8 _cREF _2CC |
||
| 999 |
_c1143731 _d1143731 |
||